00666pam a2200181 a 4500020002700000020002200027082002500049100002400074245009100098260003800189300003300227500002000260526003700280650002700317650000800344856006600352856006600418 a0306450356 (hardbound) a0306450364 (pbk.)00a510bSHAcL-39,p-1731 aShankar, Ramamurti.10aBasic training in mathematics :ba fitness program for science students /cR. Shankar. aNew York :bPlenum Press,cc1995. axv, 365 p. :bill. ;c24 cm. aIncludes index. a0b0c0d510_000000000000000_SHA 0aMathematical analysis. 0aMCE41uhttp://www.loc.gov/catdir/enhancements/fy0819/95013532-t.html42uhttp://www.loc.gov/catdir/enhancements/fy0819/95013532-d.html